000 00787nam a22002177a 4500
003 BJBSDDR
005 20260330110734.0
007 ta
008 260330s2011 enk||||| |||| 00| 0 eng d
020 _a9781849909426
040 _bspa
_cBJBSDDR
041 _aeng
050 _bR963 2011
100 1 _aRussell, Gary
_d1963
_947760
245 1 0 _aDoctor Who, the encyclopedia :
_bthe definitive guide to the hit BBC series /
_cGary Russell
260 _aLondon :
_bBBC Books,
_c2011
300 _a400 pages :
_billustrations ;
_c26 cm
520 _aThis encyclopedia now covers the Eleventh Doctor's first two series, plus every Ninth and Tenth Doctor story, and is packed with photographs and artwork from seven stunning years of adventures
942 _2lcc
_n0
_cBK
946 _icmc
999 _c126719
_d126719